000 00705nam a22001937a 4500
005 20251108172703.0
008 250721s2001 xx 000 0 ara d
082 1 4 _a212.16/مرت
100 1 _aالمرتضى، محمد بن يحيى بن الحسين بن القاسم بن إبراهيم العلوي
_eمؤلف
245 1 0 _aكتاب الأصول /
264 1 _aعمان :
_bمؤسسة الإمام زيد بن علي الثقافية،
_c2001.
300 _a70ص
650 1 7 _aآيات الأحكام
650 1 7 _aتفسير القرآن
650 1 7 _aالفقه الإسلامي
700 1 _aالعربي، عبد الله بن حموة
_eمحمقق
942 _2ddc
_cBK
999 _c85932
_d85932